000 004270000a22001690004500
999 _c47862
_d47862
001 658
003 CO-MdFUSB
005 20180924144537.0
008 180924b xxu||||| |||| 00| 0 eng d
040 _cCO-MdBIC
082 0 4 _a813C B45a
100 1 _aBerenstain, Stan & Jan
245 1 0 _aThe Berenstain Bears and the attic treasure / Stan & Jan Berenstain
300 _a24 p.
650 1 4 _aLiteratura Infantil
942 _cLGB